| 000 | 00546nam a2200169 i 4500 | ||
|---|---|---|---|
| 001 | 185681 | ||
| 003 | ES-MaACL | ||
| 005 | 20230906222508.0 | ||
| 008 | 160803s1905 po |||| | por d | ||
| 080 | _a821.134.3-14"19" | ||
| 100 | 1 |
_aJunqueiro, Guerra ( _d1850-1923) _960518 |
|
| 245 | 1 | 0 |
_aVictoria da França : _b4 de setembro de 1870 / _cGuerra Junqueiro. |
| 250 | _a2ª ed. | ||
| 260 |
_aPorto : _bLivraria Chardron, _c1905. |
||
| 300 |
_a20 p. ; _c19 cm. |
||
| 852 |
_aES-MaACL _jG-6087(3) _z.- Enc. en un vol. facticio de obras del autor |
||
| 999 |
_c185681 _d185681 |
||